Vie et mort des soldates de l’armée rouge, 1941-1944 : une analyse sous l’angle du genre (notice n° 2077674)
[ vue normale ]
| 000 -LEADER | |
|---|---|
| fixed length control field | 02036cam a2200169 4500500 |
| 005 - DATE AND TIME OF LATEST TRANSACTION | |
| control field | 20260405004711.0 |
| 041 ## - LANGUAGE CODE | |
| Language code of text/sound track or separate title | fre |
| 042 ## - AUTHENTICATION CODE | |
| Authentication code | dc |
| 100 10 - MAIN ENTRY--PERSONAL NAME | |
| Personal name | Pulvermacher, Alexandra |
| Relator term | author |
| 245 00 - TITLE STATEMENT | |
| Title | Vie et mort des soldates de l’armée rouge, 1941-1944 : une analyse sous l’angle du genre |
| 260 ## - PUBLICATION, DISTRIBUTION, ETC. | |
| Date of publication, distribution, etc. | 2026.<br/> |
| 500 ## - GENERAL NOTE | |
| General note | 5 |
| 520 ## - SUMMARY, ETC. | |
| Summary, etc. | Although situated within the wider historiography of the Holocaust, the experiences of Jewish women who served in the Red Army during the Second World War remain insufficiently examined. Of the approximately 800,000 women mobilized into the Soviet armed forces, an estimated 20,000 were of Jewish origin. While the majority were assigned to logistical or administrative duties behind the front lines, a substantial number participated directly or indirectly in combat, serving as snipers, medics, radio operators, or tank drivers. German occupation forces, indoctrinated by racialized conceptions of “Slavic subhumans” and “Jewish Bolshevism,” applied these stereotypes indiscriminately to Soviet personnel, while additionally portraying female combatants as “Bolshevik rifle women” and denying them recognition as lawful soldiers. Upon capture, many were summarily executed as alleged partisans, particularly during the early phases of the conflict. This article analyzes the functions and motivations of Jewish women within the Red Army; the ways in which gender and Jewish identity shaped their treatment in German captivity; the factors influencing survival; and the divergences between their experiences and those of Jewish male soldiers and non-Jewish women. It further explores their strategies of endurance during imprisonment, the circumstances of liberation, and the challenges encountered in the post-war period. |
| 700 10 - ADDED ENTRY--PERSONAL NAME | |
| Personal name | Martin, Lucille |
| Relator term | author |
| 786 0# - DATA SOURCE ENTRY | |
| Note | Revue d’Histoire de la Shoah | 223 | 1 | 2026-03-11 | p. 63-94 | 2111-885X |
| 856 41 - ELECTRONIC LOCATION AND ACCESS | |
| Uniform Resource Identifier | <a href="https://shs.cairn.info/revue-revue-dhistoire-de-la-shoah-2026-1-page-63?lang=fr&redirect-ssocas=7080">https://shs.cairn.info/revue-revue-dhistoire-de-la-shoah-2026-1-page-63?lang=fr&redirect-ssocas=7080</a> |
Pas d'exemplaire disponible.




Réseaux sociaux